Geografia per i corsi integrativi

Gespeichert in:
Bibliographische Detailangaben
1. Verfasser: Marinelli, Olinto (VerfasserIn)
Format: Buch
Sprache:Italienisch
Erschienen: Roma : Albrighi, Segati e C., 1927
Ausgabe:3. ed. riveduta
Katalog:EDISCO:  Suchergebnis im Bibliothekskatalog
Schulbuchspezifische Eigenschaften:
Schlagworte:
Tags: Tag hinzufügen
Keine Tags, Fügen Sie den ersten Tag hinzu!
Hinzugefügt zu:30.04.2016
Geändert in:20.01.2018

MARC

LEADER 00000aam a22000005 4500
001 10150
003 OSt
005 20180120142803.0
008 160501s1927 it 000 0 ita
999 |c 10139  |d 10139 
040 |c Elena Facco - Padova - CUBI 
041 1 |a ita 
100 |a Marinelli, Olinto  |9 563  |e Author 
245 0 0 |a Geografia per i corsi integrativi /   |c Olinto Marinelli 
250 |a 3. ed. riveduta 
260 |a Roma :   |b Albrighi, Segati e C.,   |c 1927 
300 |a 98 p., 1/3 ;   |c in 8° 
500 |a Comprende: Vol. 1 : Nozioni preliminari e nomenclatura geografica, l'Italia in generale, l'Europa in generale 
510 3 |a L. 8 
546 |a ita 
650 |a Geografia   |9 150 
655 |a Manuale  |9 29 
690 |a Gioventù studiosa  |9 6 
901 |a 5 
942 |2 ddc  |c BK 
999 |c edisco:10139  |d 10139